Identify the Shape - Statistics

General Stats
  • This quiz has been taken 45 times
  • The average score is 17 of 25
Answer Stats
Picture Answer % Correct
Circle
100%
Oval / Ellipse
100%
Semicircle
90%
Hexagon
74%
Octagon
74%
Pentagon
74%
Rectangle
74%
Rhombus / Diamond
74%
Square
74%
Triangle (Right)
74%
Heart
71%
Trapezoid
71%
Star
68%
Triangle (Equilateral)
68%
Crescent
65%
Decagon
65%
Nonagon
65%
Parallelogram
65%
Triangle (Isosceles)
65%
Heptagon
61%
Triangle (Scalene)
58%
Dodecagon
55%
Kite
52%
Hendecagon
32%
Icosagon
23%
No matching quizzes found
Score Distribution
Percent of People with Each Score
Percentile by Number Answered
Your Score History
You have not taken this quiz